Statistics for Tornado Warnings - Sabrina Carpenter

Click here to take the quiz!

General Stats

  • This quiz has been taken 117 times
  • The average score is 286 of 367

Answer Stats

Answer% Correct
I
97%
"I
97%
the
97%
We
97%
we
97%
were
96%
in
95%
never
95%
To
95%
to
95%
my
93%
therapist
93%
a
92%
lying
92%
an
91%
"I'm
89%
I'm
89%
on
89%
park,
89%
saw
89%
that
89%
tornado
89%
warnings
89%
And
88%
and
88%
Ignoring
88%
me
86%
of
86%
kissed"
85%
so
85%
So
85%
Then
85%
he
84%
He
84%
him
84%
mind
84%
mind,
84%
over
84%
you
84%
You
84%
maybe
82%
thing
82%
why
82%
dark
81%
how
81%
say
81%
that's
81%
with
81%
Don't
80%
our
80%
some
80%
feelings
78%
quickly
78%
see
78%
understand
78%
Right
77%
step
77%
if
76%
If
76%
last
76%
missing
76%
saying
76%
sometimes
76%
Sometimes
76%
arms
74%
But
74%
didn't
74%
get
74%
get,
74%
have
74%
his
74%
there
74%
things
74%
without
74%
exist
73%
guess
73%
relationship
73%
arc
72%
back
72%
hold
72%
it
72%
keep
72%
like
72%
want
72%
bitch"
70%
doesn't
70%
rhythm
70%
son
70%
logically,
69%
think
69%
think,
69%
should
68%
Talking
65%
could
64%
pages
64%
stumble
64%
teetering
64%
convince
62%
somehow,
62%
everytime
57%
he's
55%
Not
54%
not
54%
onto
51%
hear
47%
deserve
46%
left
46%
can't
45%
hour
43%
stop
43%
week
43%
gonna
42%
out
42%
thoughts
42%
basement
41%
drive
41%
focus
41%
consideration
39%
crazy
39%
home
39%
myself
39%
own
39%
still
39%
yours,
39%
I'd
38%
obsessed
38%
speak,
38%
call
36%
Now
36%
wish
36%
kept
35%
seasaw,
35%
"baby"
34%
I'll
31%
exsist
1%

Score Distribution

Percentile by Number Answered

Percent of People with Each Score

Your Score History

You have not taken this quiz